00525 2200205 4500001002100000008004100021035002000062245007800082100002200160250000600182260003500188300001200223084001400235082000800249650001400257990001200271990001200283990001200295990001200307INLIS000000000000544 ind  a0010-0424000520 aEnsiklopedia Pengetahuan Populer 4; Navigasi - ReptiliacJennifer Justice aJustice, Jennifer a1 aJakarta :bLentera Abadic2015 a289 hlm a500 JEN e a500 aNon Fiksi a0722204 a0722205 a0722206 a0722207